00964nam a2200253Ia 4500001002200000003000900022008004100031040002300072041001300095100002100108240003200129245002900161250001500190260002300205300001900228490003200247500001200279501012400291700003200415942000700447957000600454999004200460952020800502265.2-BOU he av (465)IT-MiSPE171229s9999||||xx |||||||||||||| ||und|| aIT-MiSPEcIT-MiSPE aITALIANO aHenri Bourgeois  aL'avenir de la confirmation 0aL'avvenire della cresima a1a ed. (v) aRomabCoinesc1973 a220 p. c19 cm aCristianesimo e modo d'oggi aCresima aEdizioni San Paolo srl - Piazza Soncino, 5 - 20092 CINISELLO BALSAMO (MI) (non commercial uses only) ® Copyright 2018 aEdvige Tavonig(traduzione) cBK 71 a13829bNOg Copie: 1 c345062d345062 0010406265_000000000000000_2BOU_HE_AV_46571aCINISELLObCINISELLOd2017-12-30l0o265.2-BOU he av (465)r2017-12-30 00:00:00w2017-12-30yBKz(data import: 20 dicembre 2017) - By Epidotti, Vaglietti.